Oregon Counties By Borders In 45 Seconds - Statistics

General Stats
  • This quiz has been taken 138 times
  • The average score is 31 of 36
Answers on the Map
Answers color-coded by a green-red scale on the quiz's map according to % correct below.
 
Answer Stats
Answers County % Correct
Clatsop, Lincoln, Polk, Washington, Yamhill Tillamook
95%
Coos, Curry, Klamath, Jackson, Josephine, Lane Douglas
94%
Deschutes, Douglas, Jackson, Lake, Lane Klamath
92%
Clatsop, Multnomah, Washington Columbia
91%
Crook, Harney, Jefferson, Klamath, Lake, Lane, Linn Deschutes
91%
Benton, Deschutes, Douglas, Klamath, Lincoln, Linn Lane
91%
Clackamas, Columbia, Hood River, Washington Multnomah
91%
Clackamas, Columbia, Multnomah, Tillamook, Yamhill Washington
91%
Clackamas, Marion, Polk, Tillamook, Washington Yamhill
91%
Hood River, Marion, Multnomah, Wasco, Washington, Yamhill Clackamas
90%
Benton, Lincoln, Linn, Marion, Tillamook, Polk Polk
90%
Lane, Lincoln, Linn, Polk Benton
88%
Benton, Lane, Polk, Tillamook Lincoln
88%
Clackamas, Gilliam, Hood River, Jefferson, Marion, Sherman, Wheeler Wasco
88%
Crook, Deschutes, Grant, Lake, Malheur Harney
87%
Curry, Douglas Coos
86%
Deschutes, Grant, Harney, Jefferson, Wheeler Crook
86%
Coos, Douglas, Josephine Curry
86%
Douglas, Josephine, Klamath Jackson
86%
Crook, Deschutes, Linn, Marion, Wasco, Wheeler Jefferson
86%
Clackamas, Jefferson, Linn, Polk, Wasco, Yamhill Marion
86%
Grant, Malheur, Union, Wallowa Baker
84%
Baker, Crook, Harney, Malheur, Morrow, Umatilla, Union Grant
84%
Baker, Grant, Harney Malheur
84%
Baker, Grant, Umatilla, Wallowa Union
84%
Curry, Douglas, Jackson Josephine
83%
Deschutes, Harney, Klamath, Lake Lake
83%
Benton, Deschutes, Jefferson, Lane, Marion, Polk Linn
83%
Crook, Gilliam, Grant, Jefferson, Morrow, Wasco Wheeler
83%
Grant, Morrow, Union, Wallowa Umatilla
82%
Baker, Umatilla, Union Wallowa
81%
Columbia, Tillamook Clatsop
79%
Morrow, Sherman, Wasco, Wheeler Gilliam
79%
Clackamas, Multnomah, Wasco Hood River
79%
Gilliam, Grant, Umatilla, Wheeler Morrow
77%
Gilliam, Wasco Sherman
77%
No matching quizzes found
Score Distribution
Percent of People with Each Score
Percentile by Number Answered
Your Score History
You have not taken this quiz